Jean-Paul Sartre : per un teatre de situacions / Nathalie Bittoun-Debruyne per un teatre de situacions / Nathalie Bittoun-Debruyne
Descripción Física:
83 p. ; 17'5 cm
Colección:
Materials pedagògics ; 6
Materias:
Sartre, Jean-Paul
MARC
| LEADER | 00000nam a2200000Ia 4500 | ||
|---|---|---|---|
| 001 | 8789 | ||
| 008 | 160829s1989 xx 000 0 cat d | ||
| 080 | |a B-1-255 | ||
| 100 | |a Bittoun-Debruyne, Nathalie |9 20111 | ||
| 245 | |a Jean-Paul Sartre : |b per un teatre de situacions / Nathalie Bittoun-Debruyne | ||
| 260 | |a Barcelona : |b Institut del Teatre. Diputació de Barcelona, |c 1989 | ||
| 300 | |a 83 p. ; |c 17'5 cm | ||
| 490 | |a Materials pedagògics ; 6 | ||
| 650 | |a Sartre, Jean-Paul |9 19987 | ||
| 710 | 1 | |a Institut del Teatre (Barcelona, Catalunya) |9 52662 | |
| 901 | |a Arxiu | ||
| 942 | |n 1 | ||
| 952 | |0 0 |1 0 |4 0 |6 B1255 |7 1 |9 41446 |a Arxiu |b Arxiu |d 2016-12-01 |l 0 |o B-1-255 |p 8789 |r 2016-12-01 00:00:00 |w 2016-12-01 |y ARXIU | ||
| 999 | |c 43253 |d 43253 | ||